[Event "Hourtin Vins du Medoc op 2nd"]
[Site "Hourtin"]
[Date "2016.07.08"]
[Round "8"]
[White "Pflaum, Stefan"]
[Black "Randrianaina, Merlin"]
[Result "1-0"]
[WhiteElo "2077"]
[BlackElo "1705"]
[PlyCount "45"]
[EventDate "2016.07.02"]
[EventType "swiss"]
[EventRounds "9"]
[EventCountry "FRA"]
[SourceTitle "EXT 2019"]
[Source "ChessBase"]
[SourceDate "2018.10.10"]
[SourceVersion "1"]
[SourceVersionDate "2018.10.10"]
[SourceQuality "1"]

1. d4 Nf6 2. c4 e6 3. Nc3 d5 4. Nf3 Bd6 5. Bg5 Be7 6. e3 0-0 7. Qc2 Nbd7 8. cxd5 exd5 9. Bd3 Re8 10. 0-0 Nf8 11. Rab1 c6 12. b4 b6 13. Rfc1 Bb7 14. Ne2 Ng6 15. Ng3 Ne4 16. Bxe7 Rxe7 17. Nxe4 dxe4 18. Bxe4 Qd6 19. b5 cxb5 20. Bxb7 Rxb7 21. Rxb5 a6 22. Rb3 b5 23. Rc3 1-0

[Event "Hourtin Vins du Medoc op 2nd"]
[Site "Hourtin"]
[Date "2016.07.04"]
[Round "4"]
[White "Hielscher, Ursula"]
[Black "Randrianaina, Merlin"]
[Result "1-0"]
[WhiteElo "1868"]
[BlackElo "1705"]
[PlyCount "59"]
[EventDate "2016.07.02"]
[EventType "swiss"]
[EventRounds "9"]
[EventCountry "FRA"]
[SourceTitle "EXT 2019"]
[Source "ChessBase"]
[SourceDate "2018.10.10"]
[SourceVersion "1"]
[SourceVersionDate "2018.10.10"]
[SourceQuality "1"]

1. d4 Nf6 2. Bg5 d5 3. c4 e6 4. Nc3 Nbd7 5. e3 Be7 6. Nf3 b6 7. Be2 dxc4 8. Bxc4 Bb7 9. 0-0 h6 10. Bh4 Ne4 11. Bxe7 Qxe7 12. Rc1 0-0 13. Bd3 Ng5 14. Nxg5 Qxg5 15. Ne4 Qd5 16. f3 Rac8 17. Bc4 Qf5 18. Ng3 Qf6 19. Qa4 Qe7 20. Qxa7 Bc6 21. Ba6 Nc5 22. Bxc8 Rxc8 23. Qa3 Ra8 24. Qb4 Qg5 25. dxc5 Qxe3+ 26. Kh1 Ra4 27. Qe1 Qd4 28. cxb6 Qxb2 29. bxc7 Bd7 30. c8R+ 1-0